#1 Europe Hidden Countries Line - Statistics

General Stats
  • This quiz has been taken 46 times
  • The average score is 9 of 10
Answers on the Map
Answers color-coded by a green-red scale on the quiz's map according to % correct below.
 
Answer Stats
Answer % Correct
That's it! 3 France
100%
Start with Portugal 1 Portugal
100%
Up and to the Right 2 Spain
100%
This might through you off 4 Italy
97%
End With Russia! 10 Russia
92%
This is weird 8 Ukraine
92%
It's getting hard now 5 Austria
90%
Almost there 9 Belarus
90%
Ok this makes sense 7 Poland
90%
Just keep going in a straight line! 6 Slovakia
90%
No matching quizzes found
Score Distribution
Percent of People with Each Score
Percentile by Number Answered
Your Score History
You have not taken this quiz